00415nam a22001217a 4500003000400000082001800004100001200022245013300034260004400167300000700211650004400218653003100262SGT a617.643bE22A aAnamika aEvaluation of soft tissue profile changes in treated class II malocclusion cases of varied growth patternbA Cephalometric study aGurugram, HaryanabSGT Universityc2022 a90 aOrthodontics & Dentofacial Orthopaedics aOrthodontics; Malocclusion